Kỹ thuật lạnh cơ sở /

Tài liệu là Tập 1 trong bộ "Kỹ thuật lạnh". Nội dung gồm các kiến thức cơ bản về kỹ thuật lạnh như: Các phương pháp làm lạnh nhân tạo, môi chất lạnh, chất tải lạnh, vật liệu lạnh, các thiết bị và chu trình máy lạnh nén hơi, máy...

Πλήρης περιγραφή

Αποθηκεύτηκε σε:
Λεπτομέρειες βιβλιογραφικής εγγραφής
Κύριος συγγραφέας: Nguyễn Đức Lợi
Άλλοι συγγραφείς: Phạm Văn Tùy
Μορφή: Βιβλίο
Γλώσσα:Vietnamese
Έκδοση: H. : Giáo dục , 2005
Έκδοση:Tái bản lần thứ 5
Θέματα:
Ετικέτες: Προσθήκη ετικέτας
Δεν υπάρχουν, Καταχωρήστε ετικέτα πρώτοι!
Thư viện lưu trữ: Thư viện Trường CĐ Kỹ Thuật Cao Thắng
LEADER 01934nam a2200277 a 4500
001 TVCDKTCT4146
003 Thư viện trường Cao đẳng Kỹ thuật Cao Thắng
005 20221006135316.000
008 051117
980 \ \ |a Thư viện Trường CĐ Kỹ Thuật Cao Thắng 
024 |a RG_1 #1 eb0 i1 
041 0 # |a vie 
082 # # |a 621.56 /   |b NG527L-k 
100 1 # |a Nguyễn Đức Lợi 
245 0 0 |a Kỹ thuật lạnh cơ sở /   |c Nguyễn Đức Lợi, Phạm Văn Tùy 
250 # # |a Tái bản lần thứ 5 
260 # # |a H. :   |b Giáo dục ,   |c 2005 
300 # # |a 379tr. ;   |c 27cm 
520 # # |a Tài liệu là Tập 1 trong bộ "Kỹ thuật lạnh". Nội dung gồm các kiến thức cơ bản về kỹ thuật lạnh như: Các phương pháp làm lạnh nhân tạo, môi chất lạnh, chất tải lạnh, vật liệu lạnh, các thiết bị và chu trình máy lạnh nén hơi, máy lạnh nén hơi, máy lạnh ejecter, máy lạnh nén khí, các thiết bị tự động và tự động hóa hệ thống lạnh. Tài liệu trang bị cho sinh viên ngành Nhiệt - Lạnh nhữnt kiến thức cơ bản cần thiết áp dụng trong thực tế, đồng thời cũng là tài liệu tham khảo cho cán bộ, kỹ sư, công nhân các ngành liên quan đang sử dụng lạnh muốn đi sâu tìm hiểu và tự bồi dưỡng về kỹ thuật lạnh. 
650 # 4 |a Kỹ thuật lạnh 
653 # # |a Refrigeration Technical 
653 # 4 |a Thermal Engineering Technology 
700 0 # |a Phạm Văn Tùy 
721 # # |a 06. CNKT Nhiệt lạnh 
721 # # |a 13.Kỹ thuật máy lạnh và điều hòa không khí 
841 # # |b Kho Sách   |j 100012049, 100012225, 100026952, 100026953, 100026954, 100026956